| Tag |
First Indicator |
Second Indicator |
Subfields |
| LEADER |
00000cam a22000004a 4500 |
| 001 |
in00002007249 |
| 005 |
20220105141921.0 |
| 006 |
m d |
| 007 |
cr cnu---unuuu |
| 008 |
040727s2003 caua sb s001 0 eng d |
| 020 |
|
|
|a 1417526130 (electronic bk.)
|
| 035 |
|
|
|a (OCoLC)ocm56028697
|
| 040 |
|
|
|a N$T
|c N$T
|d UtOrBLW
|
| 049 |
|
|
|a IKMN
|
| 050 |
1 |
4 |
|a ML197
|b .W436 2003eb
|
| 082 |
0 |
4 |
|a 780/.9/04
|2 22
|
| 100 |
1 |
|
|a Watkins, Glenn,
|d 1927-
|0 http://id.loc.gov/authorities/names/n85269432
|
| 245 |
1 |
0 |
|a Proof through the night :
|b music and the great war /
|c Glenn Watkins.
|
| 264 |
|
1 |
|a Berkeley :
|b University of California Press,
|c [2003]
|
| 264 |
|
4 |
|c ©2003
|
| 300 |
|
|
|a xvi, 598 pages :
|b illustrations ;
|c 24 cm. +
|e 1 sound disc (digital 4 3/4 in.)
|
| 336 |
|
|
|a text
|b txt
|2 rdacontent
|
| 337 |
|
|
|a computer
|b c
|2 rdamedia
|
| 338 |
|
|
|a online resource
|b cr
|2 rdacarrier
|
| 504 |
|
|
|a Includes bibliographical references (pages 541-573) and index.
|
| 505 |
2 |
|
|a List of CD contents: p. 597-598.
|
| 505 |
0 |
0 |
|t List of illustrations --
|t Acknowledgments --
|t Introduction --
|t Prologue --
|g ch. 1.
|t In search of kultur --
|t Great Britain --
|g ch. 2.
|t Pomp and circumstance --
|g ch. 3. The
|t old lie --
|g ch. 4. The
|t symphony of the front --
|t France --
|g ch. 5.
|t Mobilization and the call to history --
|g ch. 6.
|t War and the children --
|t ch. 7.
|t War games, 1914-1915 --
|g ch. 8.
|t Charades and masquerades --
|g ch. 9.
|t Church, state, and schola --
|g ch. 10.
|t Neoclassicism, aviation, and the Great War --
|t Italy --
|g ch. 11. The
|t world of the future, the future of the world --
|t Germany-Austria --
|g ch. 12.
|t "Dance of death" --
|g ch. 13. "The
|t last days of mankind" --
|g The
|t United States of America --
|g ch. 14. "The
|t Yanks are coming" --
|g ch. 15.
|t "Onward Christian soldiers" --
|g ch. 16. The
|t 100% American --
|g ch. 17.
|t "Proof through the night" --
|g ch. 18.
|t "On patrol in no man's land" --
|g ch. 19.
|t Coming of age in America --
|t Post-Armistice --
|g ch. 20.
|t "Goin' home" --
|g ch. 21.
|t Ceremonials and the war of nerves --
|g ch. 22. The
|t persistence of memory --
|g ch. 23.
|t Prophecies of alarms --
|t Epilogue --
|g ch. 24.
|t Unfinished business --
|t Notes --
|t Selected bibliography --
|t Index --
|t List of CD contents.
|
| 533 |
|
|
|a Electronic reproduction.
|b Boulder, Colo. :
|c NetLibrary,
|d 2004.
|n Available via World Wide Web.
|n Access may be limited to NetLibrary affiliated libraries.
|n Excludes data from the CD which accompanied the original book.
|
| 500 |
|
|
|a Electronic resource.
|
| 650 |
|
0 |
|a World War, 1914-1918
|x Music and the war.
|
| 650 |
|
0 |
|a Music
|y 20th century
|x History and criticism.
|0 http://id.loc.gov/authorities/subjects/sh2001000180
|
| 650 |
|
6 |
|a Guerre mondiale, 1914-1918
|x Musique et guerre.
|
| 650 |
|
6 |
|a Musique
|y 20e siècle
|x Histoire et critique.
|
| 655 |
|
7 |
|a Electronic books.
|2 local
|
| 710 |
2 |
|
|a NetLibrary, Inc.
|0 http://id.loc.gov/authorities/names/no99080690
|
| 776 |
1 |
|
|c Original
|z 0520231589
|w (DLC) 2002005967
|w (OCoLC)49619116
|
| 856 |
4 |
1 |
|u https://proxy.library.tamu.edu/login?url=http://www.netLibrary.com/urlapi.asp?action=summary&v=1&bookid=108576
|z Connect to the full text of this electronic book
|t 0
|
| 994 |
|
|
|a 92
|b IKM
|
| 999 |
|
|
|a MARS
|
| 999 |
f |
f |
|s ec4614f9-0e48-33c9-9db4-bcbc4a0f657e
|i 5ed0dfc3-046a-3419-aa6d-cef7c515c047
|t 0
|
| 952 |
f |
f |
|a Texas A&M University
|b College Station
|c Electronic Resources
|d Available Online
|t 0
|e ML197 .W436 2003eb
|h Library of Congress classification
|
| 998 |
f |
f |
|a ML197 .W436 2003eb
|t 0
|l Available Online
|